00283nam a2200121Ia 45000030006000000080041000060400015000471000027000622450034000892600009001235460012001320050017001440STCL150530s9999 xx 000 0 und d aSTCLcSTCL aDryden; Watson; Editor aJohn Dryden of dramatic poesy c1962 aEnglish20220125171133.0